000 00285nam a2200109Ia 4500
008 190914s9999||||xx |||||||||||||| ||und||
100 _aHasan Askari Rizvi
245 4 _aThe Military & Politics In Pakistan 1947-1997
260 _aNew york
_bPrentice
_c2003
300 _a406
942 _cBK
999 _c8711
_d8711